Statistics for Every Manchester United Goalscorers since 2000

Click here to take the quiz!

General Stats

  • This quiz has been taken 39 times
    (10 since last reset)
  • The average score is 53 of 121

Answer Stats

PlayerNationalityPremier LeagueFA CupLeague CupEurope/OtherTotal% Correct
Bruno FernandesPortuguese47521569
100%
Cristiano RonaldoPortuguese10326425145
100%
Luke ShawEnglish31004
100%
Paul ScholesEnglish759419107
100%
Ryan GiggsWelsh61562092
100%
Wayne RooneyEnglish18320539253
100%
Anthony MartialFrench63581389
88%
David BeckhamEnglish32111044
88%
Dimitar BerbatovBulgarian4811656
88%
Javier HernándezMexican37661059
88%
Marcus RashfordEnglish7881425125
88%
NaniPortuguese2544740
88%
Nemanja VidicSerbian1501521
88%
Ole Gunnar SolskjaerNorwegian55541680
88%
Robin van PersieDutch4810258
88%
Ruud van NistelrooyDutch9514239150
88%
Scott McTominayScottish1732325
88%
Antonio ValenciaEcuadoran1701725
75%
CasemiroBrazilian50128
75%
CasemiroBrazilian40217
75%
Christian EriksenDanish20103
75%
Harry MaguireEnglish42028
75%
Juan MataSpanish3465651
75%
Park Ji-sungSouth Korean1923327
75%
Patric EvraFrench701210
75%
Paul PogbaFrench2912739
75%
Rio FerdinandEnglish70018
75%
Romelu LukakuBelgian2860842
75%
Roy KeaneIrish1410924
75%
Alexis SanchezChilean32005
63%
Ander HerreraSpanish1251220
63%
Diogo DalotPortuguese11013
63%
Dwight YorkeTrinidad3002436
63%
Edinson CavaniUruguayan1201619
63%
FredBrazilian821314
63%
Gary NevilleEnglish20024
63%
Gary NevilleEnglish30025
63%
Marouane FellainiBeglian1242422
63%
Michael CarrickEnglish1712424
63%
Nemanja MaticSerbian21104
63%
Phil NevilleEnglish41016
63%
Raphael VaraneFrench30003
63%
Victor LindelofSwedish40004
63%
Zlatan IbrahimovicSwedish1715629
63%
Aaron Wan-BissakaEnglish/Congolese20002
50%
Ángel Di MariaArgentinian31004
50%
AntonyBrazilian40128
50%
Ashley YoungEnglish1501319
50%
Carlos TevezArgentinian1936634
50%
Chris SmallingEnglish1221318
50%
Diego ForlánUruguayan1010617
50%
Eric BaillyIvorian10001
50%
Giuseppe RossiItalian12014
50%
Jonny EvansNorthern Irish40127
50%
Mason GreenwoodEnglish2232835
50%
Nicky ButtEnglish800311
50%
AndersonBrazilian50136
38%
Daley BlindDutch41016
38%
Darren FletcherScottish1820424
38%
Jadon SanchoEnglish910212
38%
Juan Sebastián VerónArgentinian704011
38%
Laurent BlancFrench10034
38%
Lisandro MartinezArgentinian10001
38%
Louis SahaFrench2837442
38%
Matteo DarmianItalian10001
38%
Phil JonesEnglish21126
38%
Shinji KagawaJapanese60006
38%
Adam DialloIvorian00011
25%
Adnan JanuzajBelgian50005
25%
Alan SmithEnglish701412
25%
Alejandro GarnachoArgetinian41128
25%
Alex TellesBrazilian00011
25%
BébéCape Verdian00112
25%
Danny WelbeckEnglish2032429
25%
Eric Djemba-DjembaSenegalese01102
25%
FábioBrazilian11103
25%
Gabriel ObertanFrench00011
25%
Jaap StamDutch10001
25%
Jesse LingardEnglish2064535
25%
John O'SheaIrish1012215
25%
KlébersonBrazilian20002
25%
Mame Biram DioufSenegalese10001
25%
Marcus RojoArgetinian11002
25%
Memphis DepayDutch20057
25%
Mikael SilvestreFrench610310
25%
Odion IghaloNigerian03025
25%
Owen HargreavesEnglish20002
25%
RafaelBrazilian50005
25%
Ramadel FalcaoColombian40004
25%
Rasmus HojlundDanish00055
25%
Wes BrownEnglish31015
25%
Wout WeghorstDutch00112
25%
Alexander ButtnerDutch20002
13%
Andreas PereiraBrazilian20114
13%
Brandon WilliamsEnglish10001
13%
Chris EaglesEnglish10001
13%
Daniel JamesWelsh60039
13%
Darron GibsonIrish323210
13%
David BellionFrench20103
13%
Donny van de BeekDutch20002
13%
Federico MachedaItalian40105
13%
Gerard PiquéSpanish00022
13%
Hannibal MejbriTunisian10001
13%
Henning BergNorwegian10001
13%
Henrikh MkhitaryanArmenian510713
13%
James WilsonEnglish31004
13%
Kieran LeeEnglish00101
13%
Marcel SabitzerAustrian01023
13%
Morgan SchneiderlinFrench10001
13%
Nick PowellEnglish10001
13%
Quinton FortuneSouth African20024
13%
Tom CleverleyEnglish31105
13%
Bastian SchweinstigerGerman11002
0%
Gabriel HeinzeFrench11024
0%
Jordi CruyffDutch30003
0%
Josh HarropEnglish10001
0%
Kieran RichardsonEnglish243211
0%
Liam MillerIrish00202
0%
Luke ChadwickEnglish20002
0%
Michael OwensEnglish2613030
0%
Sylvan Ebanks-BlakeEnglish00101
0%

Score Distribution

Percentile by Number Answered

Percent of People with Each Score

Your Score History

You have not taken this quiz since the last reset